UCM

Introducao a politica - tomo-2 (Record no. 9557)

MARC details
000 -LEADER
fixed length control field 00401nam a22001457a 4500
008 - FIXED-LENGTH DATA ELEMENTS--GENERAL INFORMATION
fixed length control field 121011t xxu||||| |||| 00| 0 eng d
100 ## - MAIN ENTRY--PERSONAL NAME
Personal name Henriques, Victor
9 (RLIN) 210
245 ## - TITLE STATEMENT
Title Introducao a politica - tomo-2
Statement of responsibility, etc Victor, Henriquesç Cabrito Gil Belmiro
250 ## - EDITION STATEMENT
Edition statement 1a ed
260 ## - PUBLICATION, DISTRIBUTION, ETC. (IMPRINT)
Place of publication, distribution, etc Lisboa
Name of publisher, distributor, etc Texto
Date of publication, distribution, etc 1984
300 ## - PHYSICAL DESCRIPTION
Extent 176p.
Other physical details
Accompanying material
650 ## - SUBJECT ADDED ENTRY--TOPICAL TERM
Topical term or geographic name as entry element Ciencia politica
942 ## - ADDED ENTRY ELEMENTS (KOHA)
Source of classification or shelving scheme Universal Decimal Classification
Item type Books
300 ## - PHYSICAL DESCRIPTION
Dimensions
Type of unit
Size of unit
Holdings
Withdrawn status Lost status Source of classification or shelving scheme Damaged status Not for loan Collection code Home library Current library Shelving location Date acquired Total Checkouts Full call number Barcode Date last seen Copy number Price effective from Koha item type
    Universal Decimal Classification   Not For Loan Reference Lichinga - Faculdade de Gestão de Recursos Florestais e Faunísticos Lichinga - Faculdade de Gestão de Recursos Florestais e Faunísticos General Stacks 11/10/2012   32 200201 11/10/2012 1 11/10/2012 Books

Universidade Católica de Moçambique - Rua Marquês de Soveral, 960, Palmeiras II, Beira, Moçambique

Tel (Central): (+258) 23 313 077 - Fax: (+258) 23 311 520 - Email: reitoria@ucm.ac.mz - Web: www.ucm.ac.mz